I.C.S.E Computer Science. (Record no. 24)

MARC details
000 -LEADER
fixed length control field 00596cam a2200229ua 4500
001 - CONTROL NUMBER
control field 30
005 - DATE AND TIME OF LATEST TRANSACTION
control field 20260515113121.0
008 - FIXED-LENGTH DATA ELEMENTS--GENERAL INFORMATION
fixed length control field 190725n ii |||gr||||Z||||||eng
020 ## - INTERNATIONAL STANDARD BOOK NUMBER
International Standard Book Number 81-7663-064-0
040 ## - CATALOGING SOURCE
Transcribing agency MAIN
041 ## - LANGUAGE CODE
Language code of text/sound track or separate title eng
082 ## - DEWEY DECIMAL CLASSIFICATION NUMBER
Classification number 004
100 ## - MAIN ENTRY--PERSONAL NAME
Personal name Mukherjee, R.N.,
Relator term Author.
-- Author.
-- Author.
245 ## - TITLE STATEMENT
Title I.C.S.E Computer Science.
Statement of responsibility, etc. By R.N Mukherjee.
250 ## - EDITION STATEMENT
Edition statement 2nd.
260 ## - PUBLICATION, DISTRIBUTION, ETC.
Place of publication, distribution, etc. New Delhi.:
Name of publisher, distributor, etc. Kalyani Publishers.,999.
300 ## - PHYSICAL DESCRIPTION
Extent 314 p.:
Other physical details ill.;6 cm.
653 ## - INDEX TERM--UNCONTROLLED
Uncontrolled term Computer Science.
653 ## - INDEX TERM--UNCONTROLLED
Uncontrolled term I.C.S.E Computer.
700 1# - ADDED ENTRY--PERSONAL NAME
Personal name Mukherjee, R.N.,
Relator term Author.
942 ## - ADDED ENTRY ELEMENTS (KOHA)
Koha item type Books
Holdings
Withdrawn status Lost status Damaged status Not for loan Home library Current library Shelving location Date acquired Total checkouts Full call number Barcode Date last seen Copy number Price effective from Koha item type
        Naharkatiya College Library Naharkatiya College Library General stacks 09/19/2020   004 | MUK 13687. 09/19/2020 1 09/19/2020 Books